000 nam a22 7a 4500
999 _c9679
_d9679
008 180206b ||||| |||| 00| 0 eng d
100 _aCentral Institute of english
_95795
245 _aEnglish work Book -I
260 _aNew Delhi
_bNCERT
_c1970